Náš kraj v stavebníctve časopis ZS ROH pri KZ ČSSZ n. p. v Trenčíne

Podrobná bibliografia
Médium: Časopis
Jazyk:slovenčina
Fyzický popis:4 zv. 31 cm
Vydavateľské údaje: Trenčín ZS ROH, krajský závod ČSSZ 1950-1953
Trenčín Pozemné stavby
Predmet:

MARC

LEADER 00000cas a2200000 a 4500
001 vtls010301672
003 SK-MaSNL
005 20260228163244.0
008 110810d19501953xo sr|p 0 b0slo
040 |a SNK  |b slo  |c SNK  |e AACR2 
041 0 |a slo 
044 |a xo  |c SK 
072 7 |a 69  |x Stavebníctvo  |2 konspekt 
080 |a 69  |2 2001 
080 |a 624.9  |2 2001 
080 |a 050  |2 2001 
245 0 0 |a Náš kraj v stavebníctve  |b časopis ZS ROH pri KZ ČSSZ n. p. v Trenčíne 
260 |a Trenčín  |b ZS ROH, krajský závod ČSSZ  |c 1950-1953 
260 3 |3 1/1953-23/1953  |a Trenčín  |b Pozemné stavby 
300 |a 4 zv.  |c 31 cm 
310 |a 2x mesačne 
362 0 |a Roč. I, č. 1 (15.4.1950)-roč. IV, č. 23 (25.12.1953) 
500 |a Podnázov sa mení 
500 |a Redaktori sa menia 
500 |a Tlač. Západoslov. tlačiarne, n. p., záv. v Trenčíne, od 1/1953 Merkantilné tlačiarne, n. p. v Bratislave, prev. v Trenčíne 
650 0 7 |a stavebníctvo  |2 SNKPH  |9 726 
655 7 |a regionálne periodiká  |2 SNKPH  |9 131775 
910 |a snk 
916 |a 1950-1953 
999 |c 9105  |d 11035 
952 |0 0  |1 0  |4 0  |7 0  |a SNK  |b SNK  |d 2015-03-24  |f 1  |i snk83/51  |l 0  |o snkČSB 530/1/1950  |p 17A0711825  |r 2026-02-21 21:25:22  |t č. 1-15  |w 2026-02-21  |y PREZ 
952 |0 0  |1 0  |4 0  |7 0  |a SNK  |b SNK  |d 2015-03-24  |f 1  |i snk387/52  |l 0  |o snkČSB 530/2/1951  |p 17A0711961  |r 2026-02-21 21:25:22  |t č. 1-24  |w 2026-02-21  |y PREZ 
952 |0 0  |1 0  |4 0  |7 0  |a SNK  |b SNK  |d 2015-03-24  |f 1  |i snk550/53  |l 0  |o snkČSB 530/3/1952  |p 17A0711956  |r 2026-02-21 21:25:22  |t č. 1-21  |w 2026-02-21  |y PREZ 
952 |0 0  |1 0  |4 0  |7 0  |a SNK  |b SNK  |d 2015-03-24  |f 1  |i snk733/54  |l 0  |o snkČSB 530/4/1953  |p 17A0711957  |r 2026-02-21 21:25:22  |t č. 1-23  |w 2026-02-21  |y PREZ